header

Chemistry : (Record no. 255782)

MARC details
000 -LEADER
fixed length control field 01240cam a2200349 a 4500
001 - CONTROL NUMBER
control field 1183934
003 - CONTROL NUMBER IDENTIFIER
control field OSt
005 - DATE AND TIME OF LATEST TRANSACTION
control field 20170227114358.0
008 - FIXED-LENGTH DATA ELEMENTS--GENERAL INFORMATION
fixed length control field 970829s1998 paua 001 0 eng d
010 ## - LIBRARY OF CONGRESS CONTROL NUMBER
LC control number 97067375
020 ## - INTERNATIONAL STANDARD BOOK NUMBER
International Standard Book Number 0030200881
035 ## - SYSTEM CONTROL NUMBER
System control number (OCoLC)37621748
040 ## - CATALOGING SOURCE
Original cataloging agency MWalB
Transcribing agency MWalB
Modifying agency DLC
042 ## - AUTHENTICATION CODE
Authentication code lccopycat
050 04 - LIBRARY OF CONGRESS CALL NUMBER
Classification number QD33
Item number .O98 1998
082 00 - DEWEY DECIMAL CLASSIFICATION NUMBER
Classification number 540
Edition number 21
100 1# - MAIN ENTRY--PERSONAL NAME
Personal name Oxtoby, David W.
245 10 - TITLE STATEMENT
Title Chemistry :
Remainder of title science of change /
Statement of responsibility, etc David W. Oxtoby, Wade A. Freeman, Toby F. Block.
250 ## - EDITION STATEMENT
Edition statement 3rd ed.
260 ## - PUBLICATION, DISTRIBUTION, ETC. (IMPRINT)
Place of publication, distribution, etc Philadelphia :
Name of publisher, distributor, etc Saunders College Pub.,
Date of publication, distribution, etc c1998.
300 ## - PHYSICAL DESCRIPTION
Extent 1 v. (various pagings) :
Other physical details col. ill. ;
Dimensions 26 cm.
490 0# - SERIES STATEMENT
Series statement Saunders golden sunburst series
500 ## - GENERAL NOTE
General note Includes index.
650 #0 - SUBJECT ADDED ENTRY--TOPICAL TERM
Topical term or geographic name as entry element Chemistry.
700 1# - ADDED ENTRY--PERSONAL NAME
Personal name Freeman, Wade A.
Personal name Block, Toby F.
856 42 - ELECTRONIC LOCATION AND ACCESS
Materials specified Publisher description
Uniform Resource Identifier <a href="http://www.loc.gov/catdir/enhancements/fy1409/97067375-d.html">http://www.loc.gov/catdir/enhancements/fy1409/97067375-d.html</a>
Materials specified Contributor biographical information
Uniform Resource Identifier <a href="http://www.loc.gov/catdir/enhancements/fy1409/97067375-b.html">http://www.loc.gov/catdir/enhancements/fy1409/97067375-b.html</a>
906 ## - LOCAL DATA ELEMENT F, LDF (RLIN)
a 7
b cbc
c copycat
d 3
e opcn
f 19
g y-gencatlg
942 ## - ADDED ENTRY ELEMENTS (KOHA)
Source of classification or shelving scheme Library of Congress Classification
Koha item type Long Loan Books
Holdings
Withdrawn status Lost status Source of classification or shelving scheme Damaged status Not for loan Collection code Home library Current library Shelving location Date acquired Total Checkouts Full call number Barcode Date last seen Date checked out Price effective from Koha item type
    Library of Congress Classification     Non-fiction Rongo University Library Rongo University Library General Stacks 27/02/2017 1 QD33 .O98 1998 201616038 17/11/2023 06/11/2023 27/02/2017 Long Loan Books

© 2026 Rongo University
Contact us: librarian | system librarian | Rongo university